Catàleg del Col·legi de Periodistes de Catalunya

RTVV (Registre núm. 6543)

000 -CABECERA
Longitud fija campo de control 00590nas a22001937a 4500
003 - IDENTIFICADOR DEL NÚMERO DE CONTROL
Identificador del número de control OSt
005 - FECHA Y HORA DE LA ÚLTIMA TRANSACCIÓN
Fecha y hora de la última transacción 20151130101917.0
008 - CÓDIGOS DE INFORMACIÓN DE LONGITUD FIJA
Códigos de información de longitud fija 130628d19982003sp ||||| |||| 00| 0 ||| d
040 ## - FUENTE DE LA CATALOGACIÓN
Centro transcriptor CDMR
Lengua de catalogación cat
245 #0 - MENCIÓN DE TÍTULO
Título RTVV
Resto del título : la revista
260 ## - PUBLICACIÓN, DISTRIBUCIÓN, ETC. (PIE DE IMPRENTA)
Lugar de publicación, distribución, etc. València
Nombre del editor, distribuidor, etc. RTVV
Fecha de publicación, distribución, etc. 1998-2003
310 ## - PERIODICIDAD ACTUAL
Periodicidad actual Trimestral
362 ## - FECHAS DE PUBLICACIÓN Y/O DESIGNACIÓN SECUENCIAL
Fecha de publicación y/o designación secuencial Núm. 1 (4t trimestre) - núm. 20 (3r trimestre 2003)
650 04 - PUNTO DE ACCESO ADICIONAL DE MATERIA - TÉRMINO DE MATERIA
9 (RLIN) 4586
Término de materia o nombre geográfico como elemento inicial Televisió
Subdivisión geográfica País Valencià
Subdivisión de forma Revistes
650 04 - PUNTO DE ACCESO ADICIONAL DE MATERIA - TÉRMINO DE MATERIA
9 (RLIN) 4593
Término de materia o nombre geográfico como elemento inicial Ràdio
Subdivisión geográfica País Valencià
Subdivisión de forma Revistes
650 04 - PUNTO DE ACCESO ADICIONAL DE MATERIA - TÉRMINO DE MATERIA
9 (RLIN) 4580
Término de materia o nombre geográfico como elemento inicial Butlletins d'informació
710 2# - PUNTO DE ACCESO ADICIONAL - NOMBRE DE ENTIDAD
9 (RLIN) 3897
Nombre de entidad o nombre de jurisdicción como elemento inicial Radiotelevisión Valenciana
942 ## - ENTRADA DE ELEMENTOS AGREGADOS (KOHA)
Fuente de clasificaión o esquema
Koha [por defecto] tipo de item Publicacions periòdiques
Fons
Suprimido Perdido Estropeado No para préstamo Localización permanente Localización actual Fecha adquisición Serie de enumeración / cronología Fecha última consulta Fecha del precio de reemplazo Tipo de item de Koha
        Centre de Documentació Montserrat Roig Centre de Documentació Montserrat Roig 2013-01-16 Núm. 1 (1998) - núm. 20 (2003) 2013-06-28 2013-06-28 Publicacions periòdiques

Implantat amb Koha